| 000 | 00420nam a2200157Ia 4500 | ||
|---|---|---|---|
| 008 | 251222s2024 xx 000 0 und d | ||
| 020 | _a9789354651410 | ||
| 041 | _aeng | ||
| 082 | _a615.82 JIA | ||
| 100 | _aJiandano, Mariya et.all | ||
| 245 | _aPhysiotherapy in cardiopulmonary conditions | ||
| 250 | _a1st ed | ||
| 260 |
_aNew Delhi _bJaypee Brothers Medical Publishers _c2024 |
||
| 300 | _a676p | ||
| 650 | _aCardio | ||
| 999 |
_c64999 _d64999 |
||